000 00373pab a2200145 454500
008 180718b1983 xxu||||| |||| 00| 0 eng d
100 _aVogel, David
245 _aThe power of business in America
_bA re - appraisal
260 _c1983
300 _a19-43
362 _aJan.
650 _aBusiness - U.S.A.
773 _aBritish Journal of Political Science
909 _a5032
999 _c5032
_d5032